00732nam a2200193 i 450000100060000000300090000600500170001500700030003200800410003510000270007624501000010326000580020330000220026165000410028371000530032485200220037799900170039995201220041649069ES-MaACL20230906161858.0t|030707s1973 sp ||||1| spa d1 aCorral, Carlos.94070713aLa libertad religiosa en la Comunidad Europea : bestudio comparado / cCarlos Corral Salvador. aMadrid : bInstituto de Estudios Políticos, c1973. a685 p. ; c21 cm. 4aLibertad religiosa-zEuropa.91572422 aInstituto de Estudios Políticos (Madrid)949244 aES-MaACLjC-55247 c49069d49069 00104070aATENEOMbATENEOMcDEPO2d2008-01-17eSCl0oC-55247p1051640r2023-02-23 00:00:00w2023-02-23yMONOGRAFIA